রবীন্দ্রনাথ : (Record no. 38261)
[ view plain ]
| 000 -LEADER | |
|---|---|
| fixed length control field | 00952nam a22002177a 4500 |
| 001 - CONTROL NUMBER | |
| control field | 38261 |
| 003 - CONTROL NUMBER IDENTIFIER | |
| rucl marc code | BD-RjUL |
| 005 - DATE AND TIME OF LATEST TRANSACTION | |
| control field | 20211209052747.0 |
| 008 - FIXED-LENGTH DATA ELEMENTS--GENERAL INFORMATION | |
| fixed length control field | 151019s1960 ii ||||| |||| 00| 0 ben d |
| 035 ## - SYSTEM CONTROL NUMBER | |
| System control number | (BD-RjUL)38366 |
| 040 ## - CATALOGING SOURCE | |
| Original cataloging agency | BD-RjUL |
| Language of cataloging | eng |
| Transcribing agency | BD-RjUL |
| 041 ## - LANGUAGE CODE | |
| Language code of text/sound track or separate title | eng |
| 082 ## - DEWEY DECIMAL CLASSIFICATION NUMBER | |
| Edition number | 23 |
| Classification number | 891.441409 |
| Author mark and year | DAR 1960 |
| 100 ## - MAIN ENTRY--PERSONAL NAME | |
| Personal name | দাস, সজনীকান্ত |
| 9 (RLIN) | 117955 |
| 245 ## - TITLE STATEMENT | |
| Title | রবীন্দ্রনাথ : |
| Remainder of title | জীবন ও সাহিত্য / |
| Statement of responsibility, etc. | শ্রীসজনীকান্ত দাস |
| 260 ## - PUBLICATION, DISTRIBUTION, ETC. (IMPRINT) | |
| Place of publication, distribution, etc. | কলিকাতা : |
| Name of publisher, distributor, etc. | শতাব্দী গ্রন্থ-ভবন, |
| Date of publication, distribution, etc. | ১৯৬০. |
| 300 ## - PHYSICAL DESCRIPTION | |
| Pagination | ২৪৯ পৃ. ; |
| Size | ২২ সেমি. |
| 600 ## - SUBJECT ADDED ENTRY--PERSONAL NAME | |
| Personal name | ঠাকুর, রবীন্দ্রনাথ |
| Dates associated with a name | ১৮৬১-১৯৪১ |
| General subdivision | সমালোচনা ও ব্যাখ্যা |
| Personal name | Tagore, Rabindranath |
| Dates associated with a name | 1861-1941 |
| General subdivision | Criticism and interpretation. |
| 942 ## - ADDED ENTRY ELEMENTS (KOHA) | |
| Source of classification or shelving scheme | Dewey Decimal Classification |
| Koha item type | Books |
| Lost status | Source of classification or shelving scheme | Damaged status | Not for loan | Collection code | Permanent Location | Current Location | Shelving location | Date acquired | Source of acquisition | Cost, normal purchase price | Total Checkouts | Full call number | Date last seen | Date checked out | Copy number | Koha item type |
|---|---|---|---|---|---|---|---|---|---|---|---|---|---|---|---|---|
| Dewey Decimal Classification | Fiction | Central Library, University of Rajshahi | Central Library, University of Rajshahi | 17/11/1962 | Kamla Book | 6.00 | 5 | B 891.441409 DAR 1960 | 14/05/2026 | 13/05/2026 | C-2 | Books | ||||
| Dewey Decimal Classification | Not For Loan | Non-fiction | Central Library, University of Rajshahi | Central Library, University of Rajshahi | Reading Room | 17/11/1962 | Kamla Book | 6.00 | B 891.441409 DAR 1960 | 29/11/2015 | C-1 | Books |